| 000 | 00773nam a2200229 a 4500 | ||
|---|---|---|---|
| 001 | 000026114 | ||
| 005 | 20200930024320.0 | ||
| 008 | 110301s1973 ag r 001 0 spa d | ||
| 040 |
_aDO-SdBNP _bspa _cBNPHU |
||
| 041 | 1 | 7 |
_aspa _heng _2Código de idiomas MARC |
| 082 |
_ann* _bnn* |
||
| 100 | 1 |
_aHesselgren, Sven. _953061 |
|
| 240 | 1 | 4 |
_aThe language of architecture. _lEspañol |
| 245 | 1 | 3 |
_aEl lenguaje de la arquitectura / _cSven Hesselgren ; traducción de Miguel E. Hall. |
| 260 |
_aBuenos Aires : _bEudeba, _c1973. |
||
| 300 |
_a449 p. ; _c23 cm. |
||
| 534 |
_aTítulo de la obra original : _tThe language of architecture |
||
| 500 | _aIncluye índice alfabético. | ||
| 504 | _aBibliografía : 449 p. | ||
| 700 | 1 |
_aHall, Miguel E., _etr. _953062 |
|
| 049 | _aBNGR | ||
| 999 |
_c25606 _d25606 |
||